000 01132nam0a22002651 4500
001 rc\240500
005 20250621010422.0
035 _a(NLR Aleph) 005490571
090 _a5202794
_c5202794
100 _a20030307d1990 |||y0rusy50 ca
101 0 _arus
102 _aRU
105 _aa |||||||||
200 1 _aУбийство по-вашингтонски
_fАльберт Карр (США)
_g[Перевод Е. Кубичева]
210 _aМ.
_cНПО "Прогресс"
_d1990
215 _a62, [2] с.
_cил.
_d20
300 _aНа обл. только имена авт.: А. Кристи, А. Карр
423 0 _12001#$aЗамаскированный клад$fАгата Кристи (Англия)$g[Пер. Т. Ивановой$gК сб. в целом: Худож. А. Катин]
_1700#1$aКристи$bА.$f1890-1976$gАгата$3RU\NLR\AUTH\772006
_tЗамаскированный клад
_aКристи, Агата (1890-1976)
700 1 _aКарр
_bА.
_gАльберт
801 0 _aRU
_bNLR
_gpsbo
801 1 _aRU
_bELAR
_2rusmarc
852 _aNLR
_j91-4/382
942 _cBOOK
980 _aNB